000
00258nam a22001217a 4500
003
SGT
082
_a
370.115,SER
100
_a
SERANI,ASHOK
245
_a
GENDER SCHOOL SOCIETY
260
_b
SHIKSHA PRAKASHAN
_c
2016
300
_a
200
942
_2
ddc
_c
GF BOOKS
999
_c
34584
_d
34584